000 00374nam a2200145Ia 4500
008 211109s9999||||xx |||||||||||||| ||und||
082 _a824
_bGOL-E
100 _aGoldsmith, Oliver
245 0 _aEssays
260 _bMacmillan and Co., Limited
_aKingston
_c1920
300 _a169p.
630 _xGeneral Stack
650 _aENGLISH ESSAYS
_vLITERATURE
_xEnglish
942 _cBOOK
999 _c4116
_d4116